<?xml version="1.0" encoding="UTF-8"?>
<record
    xmlns:xsi="http://www.w3.org/2001/XMLSchema-instance"
    xsi:schemaLocation="http://www.loc.gov/MARC21/slim http://www.loc.gov/standards/marcxml/schema/MARC21slim.xsd"
    xmlns="http://www.loc.gov/MARC21/slim">

  <leader>00805cam a2200277 a 4500</leader>
  <controlfield tag="001">17226909</controlfield>
  <controlfield tag="003">OSt</controlfield>
  <controlfield tag="005">20150408114138.0</controlfield>
  <controlfield tag="008">120326s2013    maua          001 0 eng  </controlfield>
  <datafield tag="010" ind1=" " ind2=" ">
    <subfield code="a">  2012382535</subfield>
  </datafield>
  <datafield tag="020" ind1=" " ind2=" ">
    <subfield code="a">9780321799166</subfield>
  </datafield>
  <datafield tag="020" ind1=" " ind2=" ">
    <subfield code="a">0321794389</subfield>
  </datafield>
  <datafield tag="040" ind1=" " ind2=" ">
    <subfield code="a">Ma-Un</subfield>
    <subfield code="b">eng</subfield>
  </datafield>
  <datafield tag="050" ind1="0" ind2="0">
    <subfield code="a">QR63</subfield>
    <subfield code="b">.J65 2013</subfield>
  </datafield>
  <datafield tag="082" ind1="0" ind2="0">
    <subfield code="a">579.078</subfield>
    <subfield code="2">23</subfield>
  </datafield>
  <datafield tag="100" ind1="1" ind2=" ">
    <subfield code="a">Johnson, Ted R.,</subfield>
    <subfield code="d">1946-</subfield>
    <subfield code="9">19455</subfield>
  </datafield>
  <datafield tag="245" ind1="1" ind2="0">
    <subfield code="a">Laboratory experiments in microbiology /</subfield>
    <subfield code="c">Ted R. Johnson, Christine L. Case.</subfield>
  </datafield>
  <datafield tag="250" ind1=" " ind2=" ">
    <subfield code="a">10th ed.</subfield>
  </datafield>
  <datafield tag="260" ind1=" " ind2=" ">
    <subfield code="a">Boston :</subfield>
    <subfield code="b">Pearson,</subfield>
    <subfield code="c">c2013.</subfield>
  </datafield>
  <datafield tag="300" ind1=" " ind2=" ">
    <subfield code="a">478 p. :</subfield>
    <subfield code="b">ill (chiefly col.) ;</subfield>
    <subfield code="c">28 cm.</subfield>
  </datafield>
  <datafield tag="500" ind1=" " ind2=" ">
    <subfield code="a">Includes index.</subfield>
  </datafield>
  <datafield tag="500" ind1=" " ind2=" ">
    <subfield code="a">Spiral bound.</subfield>
  </datafield>
  <datafield tag="650" ind1=" " ind2="0">
    <subfield code="a">Microbiology</subfield>
    <subfield code="v">Laboratory manuals.</subfield>
    <subfield code="9">6599</subfield>
  </datafield>
  <datafield tag="700" ind1="1" ind2=" ">
    <subfield code="a">Case, Christine L.,</subfield>
    <subfield code="d">1948-</subfield>
    <subfield code="9">19456</subfield>
  </datafield>
  <datafield tag="942" ind1=" " ind2=" ">
    <subfield code="2">ddc</subfield>
    <subfield code="c">BOOK</subfield>
  </datafield>
  <datafield tag="999" ind1=" " ind2=" ">
    <subfield code="c">30468</subfield>
    <subfield code="d">264968</subfield>
  </datafield>
  <datafield tag="952" ind1=" " ind2=" ">
    <subfield code="1">0</subfield>
    <subfield code="2">2013-08-16</subfield>
    <subfield code="4">0</subfield>
    <subfield code="7">1</subfield>
    <subfield code="a">579.078 JTL</subfield>
    <subfield code="d">2013-08-16</subfield>
    <subfield code="h">CL</subfield>
    <subfield code="i">00450393</subfield>
    <subfield code="m">CL</subfield>
    <subfield code="r">2013-08-16 00:00:00</subfield>
    <subfield code="t">BOOK</subfield>
    <subfield code="w">ddc</subfield>
    <subfield code="y">0</subfield>
  </datafield>
  <datafield tag="952" ind1=" " ind2=" ">
    <subfield code="1">0</subfield>
    <subfield code="2">2013-08-16</subfield>
    <subfield code="4">0</subfield>
    <subfield code="7">0</subfield>
    <subfield code="a">579.078 JTL</subfield>
    <subfield code="d">2013-08-16</subfield>
    <subfield code="h">CL</subfield>
    <subfield code="i">00450394</subfield>
    <subfield code="m">CL</subfield>
    <subfield code="r">2013-08-16 00:00:00</subfield>
    <subfield code="t">BOOK</subfield>
    <subfield code="w">ddc</subfield>
    <subfield code="y">0</subfield>
  </datafield>
  <datafield tag="952" ind1=" " ind2=" ">
    <subfield code="1">0</subfield>
    <subfield code="2">2013-08-16</subfield>
    <subfield code="4">0</subfield>
    <subfield code="7">0</subfield>
    <subfield code="a">579.078 JTL</subfield>
    <subfield code="d">2013-08-16</subfield>
    <subfield code="h">CL</subfield>
    <subfield code="i">00450395</subfield>
    <subfield code="m">CL</subfield>
    <subfield code="r">2013-08-16 00:00:00</subfield>
    <subfield code="t">BOOK</subfield>
    <subfield code="w">ddc</subfield>
    <subfield code="y">0</subfield>
  </datafield>
  <datafield tag="952" ind1=" " ind2=" ">
    <subfield code="1">0</subfield>
    <subfield code="2">2013-08-16</subfield>
    <subfield code="4">0</subfield>
    <subfield code="7">0</subfield>
    <subfield code="a">579.078 JTL</subfield>
    <subfield code="c">1</subfield>
    <subfield code="d">2013-08-16</subfield>
    <subfield code="h">SZM</subfield>
    <subfield code="i">00450392</subfield>
    <subfield code="m">SZM</subfield>
    <subfield code="r">2013-08-16 00:00:00</subfield>
    <subfield code="t">BOOK</subfield>
    <subfield code="w">ddc</subfield>
    <subfield code="y">0</subfield>
  </datafield>
  <datafield tag="952" ind1=" " ind2=" ">
    <subfield code="1">0</subfield>
    <subfield code="2">2013-08-16</subfield>
    <subfield code="4">0</subfield>
    <subfield code="7">0</subfield>
    <subfield code="a">579.078 JTL</subfield>
    <subfield code="c">2</subfield>
    <subfield code="d">2013-08-16</subfield>
    <subfield code="h">SZM</subfield>
    <subfield code="i">00450385</subfield>
    <subfield code="m">SZM</subfield>
    <subfield code="r">2013-08-16 00:00:00</subfield>
    <subfield code="t">BOOK</subfield>
    <subfield code="w">ddc</subfield>
    <subfield code="y">0</subfield>
  </datafield>
  <datafield tag="952" ind1=" " ind2=" ">
    <subfield code="1">0</subfield>
    <subfield code="2">2013-08-16</subfield>
    <subfield code="4">0</subfield>
    <subfield code="7">1</subfield>
    <subfield code="a">579.078 JTL</subfield>
    <subfield code="c">3</subfield>
    <subfield code="d">2013-08-16</subfield>
    <subfield code="h">SZM</subfield>
    <subfield code="i">00450384</subfield>
    <subfield code="m">SZM</subfield>
    <subfield code="r">2013-08-16 00:00:00</subfield>
    <subfield code="t">BOOK</subfield>
    <subfield code="w">ddc</subfield>
    <subfield code="y">0</subfield>
  </datafield>
  <datafield tag="952" ind1=" " ind2=" ">
    <subfield code="1">0</subfield>
    <subfield code="2">2013-10-17</subfield>
    <subfield code="4">0</subfield>
    <subfield code="7">0</subfield>
    <subfield code="a">579.078</subfield>
    <subfield code="c">1</subfield>
    <subfield code="d">2013-10-17</subfield>
    <subfield code="h">CL</subfield>
    <subfield code="i">00206762</subfield>
    <subfield code="m">CL</subfield>
    <subfield code="r">2013-10-17 00:00:00</subfield>
    <subfield code="t">BOOK</subfield>
    <subfield code="w">ddc</subfield>
    <subfield code="y">0</subfield>
  </datafield>
  <datafield tag="952" ind1=" " ind2=" ">
    <subfield code="1">0</subfield>
    <subfield code="2">2013-10-17</subfield>
    <subfield code="4">0</subfield>
    <subfield code="7">0</subfield>
    <subfield code="a">579.078</subfield>
    <subfield code="c">2</subfield>
    <subfield code="d">2013-10-17</subfield>
    <subfield code="h">CL</subfield>
    <subfield code="i">00206761</subfield>
    <subfield code="m">CL</subfield>
    <subfield code="r">2013-10-17 00:00:00</subfield>
    <subfield code="t">BOOK</subfield>
    <subfield code="w">ddc</subfield>
    <subfield code="y">0</subfield>
  </datafield>
  <datafield tag="952" ind1=" " ind2=" ">
    <subfield code="1">0</subfield>
    <subfield code="2">2013-10-17</subfield>
    <subfield code="4">0</subfield>
    <subfield code="7">0</subfield>
    <subfield code="a">579.078 JTL</subfield>
    <subfield code="c">3</subfield>
    <subfield code="d">2013-10-17</subfield>
    <subfield code="h">CL</subfield>
    <subfield code="i">00206760</subfield>
    <subfield code="m">CL</subfield>
    <subfield code="r">2013-10-17 00:00:00</subfield>
    <subfield code="t">BOOK</subfield>
    <subfield code="w">ddc</subfield>
    <subfield code="y">0</subfield>
  </datafield>
  <datafield tag="952" ind1=" " ind2=" ">
    <subfield code="1">0</subfield>
    <subfield code="2">2013-10-17</subfield>
    <subfield code="4">0</subfield>
    <subfield code="7">0</subfield>
    <subfield code="a">579.078</subfield>
    <subfield code="c">4</subfield>
    <subfield code="d">2013-10-17</subfield>
    <subfield code="h">SZM</subfield>
    <subfield code="i">00206759</subfield>
    <subfield code="m">SZM</subfield>
    <subfield code="r">2013-10-17 00:00:00</subfield>
    <subfield code="t">BOOK</subfield>
    <subfield code="w">ddc</subfield>
    <subfield code="y">0</subfield>
  </datafield>
  <datafield tag="952" ind1=" " ind2=" ">
    <subfield code="1">0</subfield>
    <subfield code="2">2013-10-17</subfield>
    <subfield code="4">0</subfield>
    <subfield code="7">0</subfield>
    <subfield code="a">579.078</subfield>
    <subfield code="c">5</subfield>
    <subfield code="d">2013-10-17</subfield>
    <subfield code="h">SZM</subfield>
    <subfield code="i">00206758</subfield>
    <subfield code="m">SZM</subfield>
    <subfield code="r">2013-10-17 00:00:00</subfield>
    <subfield code="t">BOOK</subfield>
    <subfield code="w">ddc</subfield>
    <subfield code="y">0</subfield>
  </datafield>
</record>
